Statistics for 1970s Celebrities by Picture #1

Click here to take the quiz!

General Stats

  • This quiz has been taken 38,267 times
    (17,497 since last reset)
  • The average score is 9 of 16

Answer Stats

Answer% Correct
John Travolta
90%
Richard Nixon
89%
David Bowie
87%
Cher
86%
Andy Warhol
63%
Farrah Fawcett
57%
Roger Moore
57%
Henry Winkler
56%
Barry Gibb
55%
Burt Reynolds
55%
Goldie Hawn
49%
Marvin Gaye
45%
Henry Kissinger
44%
Steve McQueen
41%
Lynda Carter
40%
Dick Clark
26%

Score Distribution

Percentile by Number Answered

Percent of People with Each Score

Your Score History

You have not taken this quiz since the last reset